| 000 | 00463nam a22001577a 4500 | ||
|---|---|---|---|
| 003 | macl | ||
| 005 | 20240827154926.0 | ||
| 008 | 240827b |||||||| |||| 00| 0 eng d | ||
| 040 | _cmacl | ||
| 082 | _a891.433/SHA/N | ||
| 100 |
_aशशिप्रभा शास्त्री _944216 |
||
| 245 | _aअमलतास | ||
| 260 |
_aदिल्ली _bनवोदय सेल्स _c1993 |
||
| 650 | _aउपन्यास | ||
| 942 |
_2ddc _cHIN |
||
| 999 |
_c66973 _d66973 |
||